[Event "DEM U12 2025"]
[Site "Willingen GER"]
[Date "2025.06.08"]
[Round "2"]
[White "Wagener, Nicolas"]
[Black "Wettstein, Levin"]
[Result "1-0"]
[Termination "normal"]
[Board "22"]
[WhiteElo "1765"]
[BlackElo "1760"]
[WhiteClock "00:33:06"]
[BlackClock "00:08:24"]
[PlyCount "137"]
[WhiteFideId "34607935"]
[BlackFideId "34635866"]
[EventCountry "GER"]
[EventRounds "9"]
[EventType "swiss"]
[EventDate "2025.06.07"]

1. e4 {[%clk 01:30:59]} {[%emt 00:00:01]} e5 {[%clk 01:30:54]} {[%emt
00:00:06]} 2. Bc4 {[%clk 01:31:25]} {[%emt 00:00:04]} Nf6 {[%clk 01:31:18]}
{[%emt 00:00:06]} 3. d4 {[%clk 01:31:34]} {[%emt 00:00:20]} exd4 {[%clk
01:31:41]} {[%emt 00:00:07]} 4. Nf3 {[%clk 01:31:59]} {[%emt 00:00:05]} Bb4+
{[%clk 01:31:59]} {[%emt 00:00:12]} 5. c3 {[%clk 01:32:22]} {[%emt 00:00:08]}
dxc3 {[%clk 01:32:20]} {[%emt 00:00:10]} 6. bxc3 {[%clk 01:32:46]} {[%emt
00:00:05]} d5 {[%clk 01:32:36]} {[%emt 00:00:14]} 7. exd5 {[%clk 01:31:55]}
{[%emt 00:01:21]} Bd6 {[%clk 01:32:56]} {[%emt 00:00:10]} 8. O-O {[%clk
01:31:49]} {[%emt 00:00:37]} O-O {[%clk 01:33:17]} {[%emt 00:00:09]} 9. Re1
{[%clk 01:31:09]} {[%emt 00:01:09]} h6 {[%clk 01:26:02]} {[%emt 00:07:46]} 10.
Be3 {[%clk 01:26:52]} {[%emt 00:04:43]} Bg4 {[%clk 01:22:27]} {[%emt 00:04:09]}
11. h3 {[%clk 01:26:16]} {[%emt 00:01:06]} Bxf3 {[%clk 01:19:02]} {[%emt
00:03:55]} 12. Qxf3 {[%clk 01:26:37]} {[%emt 00:00:08]} Re8 {[%clk 01:18:40]}
{[%emt 00:00:54]} 13. Nd2 {[%clk 01:25:45]} {[%emt 00:01:20]} Nbd7 {[%clk
01:17:11]} {[%emt 00:02:00]} 14. Bd4 {[%clk 01:24:09]} {[%emt 00:02:06]} Be5
{[%clk 01:14:02]} {[%emt 00:03:40]} 15. Ne4 {[%clk 01:23:03]} {[%emt 00:01:34]}
Bxd4 {[%clk 01:12:08]} {[%emt 00:02:25]} 16. cxd4 {[%clk 01:23:26]} {[%emt
00:00:08]} Nxe4 {[%clk 01:10:45]} {[%emt 00:01:53]} 17. Rxe4 {[%clk 01:23:47]}
{[%emt 00:00:08]} Rxe4 {[%clk 01:10:01]} {[%emt 00:01:14]} 18. Qxe4 {[%clk
01:24:08]} {[%emt 00:00:07]} Nf6 {[%clk 01:08:41]} {[%emt 00:01:52]} 19. Qe5
{[%clk 01:23:22]} {[%emt 00:01:14]} Qd7 {[%clk 01:07:42]} {[%emt 00:01:31]} 20.
Rd1 {[%clk 01:21:36]} {[%emt 00:02:11]} Re8 {[%clk 01:05:11]} {[%emt 00:03:06]}
21. Qg3 {[%clk 01:21:04]} {[%emt 00:01:02]} Rc8 {[%clk 00:55:45]} {[%emt
00:09:56]} 22. Qb3 {[%clk 01:18:23]} {[%emt 00:03:10]} b6 {[%clk 00:53:12]}
{[%emt 00:03:04]} 23. Re1 {[%clk 01:16:00]} {[%emt 00:02:49]} Re8 {[%clk
00:51:59]} {[%emt 00:01:45]} 24. Re5 {[%clk 01:14:02]} {[%emt 00:02:24]} Rd8
{[%clk 00:43:48]} {[%emt 00:08:46]} 25. Qa3 {[%clk 01:10:25]} {[%emt 00:04:05]}
a5 {[%clk 00:37:43]} {[%emt 00:06:38]} 26. Qb3 {[%clk 01:01:20]} {[%emt
00:09:34]} Qd6 {[%clk 00:33:30]} {[%emt 00:04:43]} 27. a3 {[%clk 00:59:37]}
{[%emt 00:02:14]} Kh8 {[%clk 00:30:55]} {[%emt 00:03:05]} 28. Qe3 {[%clk
00:57:16]} {[%emt 00:02:46]} c6 {[%clk 00:28:08]} {[%emt 00:03:21]} 29. dxc6
{[%clk 00:56:40]} {[%emt 00:01:05]} Qxc6 {[%clk 00:26:20]} {[%emt 00:02:19]}
30. Bxf7 {[%clk 00:55:46]} {[%emt 00:01:23]} Qd7 {[%clk 00:24:45]} {[%emt
00:02:05]} 31. Re7 {[%clk 00:54:59]} {[%emt 00:01:17]} Qxd4 {[%clk 00:23:59]}
{[%emt 00:01:16]} 32. Qxd4 {[%clk 00:54:56]} {[%emt 00:00:32]} Rxd4 {[%clk
00:24:23]} {[%emt 00:00:06]} 33. Rb7 {[%clk 00:55:13]} {[%emt 00:00:12]} Rd7
{[%clk 00:21:35]} {[%emt 00:03:19]} 34. Rb8+ {[%clk 00:49:31]} {[%emt
00:06:12]} Kh7 {[%clk 00:21:24]} {[%emt 00:00:40]} 35. Be6 {[%clk 00:49:42]}
{[%emt 00:00:16]} Rd1+ {[%clk 00:20:26]} {[%emt 00:01:32]} 36. Kh2 {[%clk
00:50:05]} {[%emt 00:00:07]} Kg6 {[%clk 00:11:36]} {[%emt 00:09:21]} 37. Rxb6
{[%clk 00:49:57]} {[%emt 00:00:37]} Ra1 {[%clk 00:09:51]} {[%emt 00:02:16]} 38.
Rb3 {[%clk 00:49:12]} {[%emt 00:01:13]} Ne4 {[%clk 00:07:47]} {[%emt 00:04:43]}
39. f3 {[%clk 00:38:35]} {[%emt 00:08:56]} Nc5 {[%clk 00:05:39]} {[%emt
00:02:42]} 40. Re3 {[%clk 00:38:42]} {[%emt 00:00:20]} Nxe6 {[%clk 00:05:21]}
{[%emt 00:00:51]} 41. Rxe6+ {[%clk 00:39:06]} {[%emt 00:00:06]} Kf5 {[%clk
00:05:41]} {[%emt 00:00:09]} 42. Re3 {[%clk 00:39:10]} {[%emt 00:00:23]} Ra2
{[%clk 00:05:34]} {[%emt 00:00:38]} 43. Rb3 {[%clk 00:32:52]} {[%emt 00:06:47]}
Kf6 {[%clk 00:05:09]} {[%emt 00:00:56]} 44. Rb6+ {[%clk 00:29:39]} {[%emt
00:03:46]} Kf7 {[%clk 00:05:25]} {[%emt 00:00:13]} 45. Rb7+ {[%clk 00:29:57]}
{[%emt 00:00:12]} Kf6 {[%clk 00:05:49]} {[%emt 00:00:06]} 46. Rb6+ {[%clk
00:30:23]} {[%emt 00:00:05]} Kf7 {[%clk 00:06:14]} {[%emt 00:00:04]} 47. Rb3
{[%clk 00:30:45]} {[%emt 00:00:09]} Kf6 {[%clk 00:06:27]} {[%emt 00:00:17]} 48.
Kg3 {[%clk 00:30:38]} {[%emt 00:00:29]} Kf7 {[%clk 00:06:32]} {[%emt 00:00:33]}
49. f4 {[%clk 00:30:50]} {[%emt 00:00:15]} Kf6 {[%clk 00:06:49]} {[%emt
00:00:15]} 50. Kf3 {[%clk 00:31:03]} {[%emt 00:00:15]} Kf7 {[%clk 00:07:00]}
{[%emt 00:00:22]} 51. h4 {[%clk 00:31:11]} {[%emt 00:00:20]} Kf6 {[%clk
00:07:10]} {[%emt 00:00:22]} 52. g3 {[%clk 00:30:29]} {[%emt 00:01:12]} a4
{[%clk 00:04:57]} {[%emt 00:02:43]} 53. Rc3 {[%clk 00:30:01]} {[%emt 00:00:57]}
Rb2 {[%clk 00:03:51]} {[%emt 00:01:36]} 54. Ke4 {[%clk 00:29:32]} {[%emt
00:00:56]} Rb3 {[%clk 00:03:03]} {[%emt 00:01:22]} 55. Rxb3 {[%clk 00:29:39]}
{[%emt 00:00:22]} axb3 {[%clk 00:03:29]} {[%emt 00:00:04]} 56. Kd3 {[%clk
00:30:03]} {[%emt 00:00:05]} b2 {[%clk 00:03:35]} {[%emt 00:00:26]} 57. Kc2
{[%clk 00:30:30]} {[%emt 00:00:02]} b1=Q+ {[%emt 00:00:11]} 58. Kxb1 {[%clk
00:30:51]} {[%emt 00:00:07]} h5 {[%clk 00:04:20]} {[%emt 00:00:07]} 59. Kc2
{[%clk 00:31:04]} {[%emt 00:00:13]} Ke6 {[%clk 00:04:45]} {[%emt 00:00:09]} 60.
Kd3 {[%clk 00:31:25]} {[%emt 00:00:08]} Kd5 {[%clk 00:05:09]} {[%emt 00:00:06]}
61. a4 {[%clk 00:31:37]} {[%emt 00:00:19]} Kc5 {[%clk 00:05:25]} {[%emt
00:00:14]} 62. Ke4 {[%clk 00:31:27]} {[%emt 00:00:39]} Kb4 {[%clk 00:05:51]}
{[%emt 00:00:05]} 63. Kf5 {[%clk 00:31:35]} {[%emt 00:00:21]} Kxa4 {[%clk
00:06:17]} {[%emt 00:00:05]} 64. Kg6 {[%clk 00:32:01]} {[%emt 00:00:04]} Kb5
{[%clk 00:06:42]} {[%emt 00:00:06]} 65. Kxg7 {[%clk 00:32:06]} {[%emt
00:00:24]} Kc6 {[%clk 00:07:06]} {[%emt 00:00:05]} 66. f5 {[%clk 00:32:30]}
{[%emt 00:00:07]} Kd7 {[%clk 00:07:33]} {[%emt 00:00:02]} 67. f6 {[%clk
00:32:53]} {[%emt 00:00:07]} Ke6 {[%clk 00:07:59]} {[%emt 00:00:04]} 68. f7
{[%clk 00:32:46]} {[%emt 00:00:38]} Ke5 {[%clk 00:08:24]} {[%emt 00:00:05]} 69.
f8=Q {[%clk 00:33:06]} {[%emt 00:00:10]} 1-0

[Event "DEM U12 2025"]
[Site "Willingen GER"]
[Date "2025.06.08"]
[Round "2"]
[White "Chakhalov, Mikael"]
[Black "Ishcenko, Volodymyr"]
[Result "1-0"]
[Termination "normal"]
[Board "23"]
[WhiteElo "1902"]
[BlackElo "1528"]
[WhiteClock "00:53:07"]
[BlackClock "00:32:12"]
[PlyCount "28"]
[WhiteFideId "34644458"]
[BlackFideId "34660208"]
[EventCountry "GER"]
[EventRounds "9"]
[EventType "swiss"]
[EventDate "2025.06.07"]

1. c4 {[%clk 01:30:57]} {[%emt 00:00:02]} e6 {[%clk 01:30:47]} {[%emt
00:00:14]} 2. d4 {[%clk 01:31:21]} {[%emt 00:00:06]} Nf6 {[%clk 01:31:10]}
{[%emt 00:00:07]} 3. Nc3 {[%clk 01:31:44]} {[%emt 00:00:07]} Bb4 {[%clk
01:31:35]} {[%emt 00:00:04]} 4. Qc2 {[%clk 01:32:06]} {[%emt 00:00:09]} c5
{[%clk 01:19:41]} {[%emt 00:12:24]} 5. a3 {[%clk 01:32:01]} {[%emt 00:00:35]}
Qa5 {[%clk 00:58:21]} {[%emt 00:21:49]} 6. Ra2 {[%clk 00:58:28]} {[%emt
00:34:04]} Bxc3+ {[%clk 00:57:31]} {[%emt 00:01:20]} 7. Qxc3 {[%clk 00:58:52]}
{[%emt 00:00:05]} Qxc3+ {[%clk 00:57:06]} {[%emt 00:00:55]} 8. bxc3 {[%clk
00:59:20]} {[%emt 00:00:02]} Nc6 {[%clk 00:52:44]} {[%emt 00:04:52]} 9. Nf3
{[%clk 00:58:47]} {[%emt 00:01:01]} b6 {[%clk 00:48:05]} {[%emt 00:05:12]} 10.
Bf4 {[%clk 00:58:15]} {[%emt 00:00:56]} Ne4 {[%clk 00:40:51]} {[%emt 00:07:50]}
11. Rc2 {[%clk 00:56:53]} {[%emt 00:01:51]} Na5 {[%clk 00:38:55]} {[%emt
00:02:27]} 12. e3 {[%clk 00:56:59]} {[%emt 00:00:24]} Ba6 {[%clk 00:36:37]}
{[%emt 00:02:46]} 13. Bd3 {[%clk 00:53:07]} {[%emt 00:04:23]} O-O {[%clk
00:33:01]} {[%emt 00:31:05]} 14. Bxe4 {[%clk 00:53:07]} {[%emt 00:00:11]} Rac8
{[%clk 00:32:12]} {[%emt 00:01:19]} 1-0

[Event "DEM U12 2025"]
[Site "Willingen GER"]
[Date "2025.06.08"]
[Round "2"]
[White "Vilain, Philip"]
[Black "Zielke, Mika"]
[Result "0-1"]
[Termination "normal"]
[Board "24"]
[WhiteElo "1791"]
[BlackElo "1733"]
[WhiteClock "00:12:13"]
[BlackClock "00:08:03"]
[PlyCount "92"]
[WhiteFideId "34662820"]
[BlackFideId "34661816"]
[EventCountry "GER"]
[EventRounds "9"]
[EventType "swiss"]
[EventDate "2025.06.07"]

1. e4 {[%clk 01:30:57]} {[%emt 00:00:02]} e5 {[%clk 01:30:51]} {[%emt
00:00:10]} 2. Nf3 {[%clk 01:31:11]} {[%emt 00:00:16]} Nc6 {[%clk 01:31:12]}
{[%emt 00:00:10]} 3. Nc3 {[%clk 01:31:24]} {[%emt 00:00:16]} Nf6 {[%clk
01:31:29]} {[%emt 00:00:18]} 4. d4 {[%clk 01:31:37]} {[%emt 00:00:12]} exd4
{[%clk 01:31:26]} {[%emt 00:00:33]} 5. Nxd4 {[%clk 01:31:57]} {[%emt 00:00:10]}
Bb4 {[%clk 01:31:37]} {[%emt 00:00:18]} 6. Nxc6 {[%clk 01:32:00]} {[%emt
00:00:28]} bxc6 {[%clk 01:31:53]} {[%emt 00:00:14]} 7. Bd3 {[%clk 01:32:15]}
{[%emt 00:00:15]} d5 {[%clk 01:31:46]} {[%emt 00:00:37]} 8. exd5 {[%clk
01:32:28]} {[%emt 00:00:18]} cxd5 {[%clk 01:31:57]} {[%emt 00:00:19]} 9. Qe2+
{[%clk 01:32:13]} {[%emt 00:00:44]} Qe7 {[%clk 01:28:11]} {[%emt 00:04:16]} 10.
Qxe7+ {[%clk 01:31:32]} Bxe7 {[%clk 01:26:00]} {[%emt 00:03:52]} 11. O-O {[%clk
01:30:11]} {[%emt 00:01:51]} O-O {[%clk 01:25:09]} {[%emt 00:01:21]} 12. Bf4
{[%clk 01:27:37]} {[%emt 00:03:03]} c6 {[%clk 01:24:33]} {[%emt 00:01:07]} 13.
h3 {[%clk 01:24:10]} {[%emt 00:03:57]} Be6 {[%clk 01:22:18]} {[%emt 00:02:46]}
14. Ne2 {[%clk 01:22:17]} {[%emt 00:02:21]} c5 {[%clk 01:20:51]} {[%emt
00:01:58]} 15. c3 {[%clk 01:21:19]} {[%emt 00:01:26]} Rad8 {[%clk 01:16:14]}
{[%emt 00:05:10]} 16. Rad1 {[%clk 01:19:30]} {[%emt 00:02:18]} Bd6 {[%clk
01:06:02]} {[%emt 00:10:40]} 17. Rfe1 {[%clk 01:13:19]} {[%emt 00:06:44]} h6
{[%clk 00:56:35]} {[%emt 00:09:58]} 18. b3 {[%clk 01:08:03]} {[%emt 00:05:46]}
Rfe8 {[%clk 00:51:30]} {[%emt 00:05:36]} 19. Bxd6 {[%clk 00:55:22]} {[%emt
00:13:10]} Rxd6 {[%clk 00:51:50]} {[%emt 00:00:10]} 20. Ng3 {[%clk 00:52:43]}
{[%emt 00:03:08]} Red8 {[%clk 00:49:15]} {[%emt 00:03:05]} 21. Bf5 {[%clk
00:42:03]} {[%emt 00:11:11]} g6 {[%clk 00:46:51]} {[%emt 00:02:54]} 22. Bb1
{[%clk 00:36:44]} {[%emt 00:05:48]} Ne8 {[%clk 00:42:05]} {[%emt 00:05:17]} 23.
Re3 {[%clk 00:33:18]} {[%emt 00:03:56]} Nc7 {[%clk 00:37:37]} {[%emt 00:04:59]}
24. Red3 {[%clk 00:28:19]} {[%emt 00:05:29]} Nb5 {[%clk 00:34:32]} {[%emt
00:03:35]} 25. Ne2 {[%clk 00:24:08]} {[%emt 00:04:39]} Na3 {[%clk 00:29:47]}
{[%emt 00:05:16]} 26. R3d2 {[%clk 00:23:10]} {[%emt 00:01:28]} Nxb1 {[%clk
00:27:11]} {[%emt 00:03:06]} 27. Rxb1 {[%clk 00:23:25]} {[%emt 00:00:15]} Kf8
{[%clk 00:23:25]} {[%emt 00:04:16]} 28. f3 {[%clk 00:21:21]} {[%emt 00:02:45]}
Ke7 {[%clk 00:23:14]} {[%emt 00:00:31]} 29. Kf2 {[%clk 00:21:26]} {[%emt
00:00:26]} Kd7 {[%clk 00:22:58]} {[%emt 00:00:45]} 30. Rbd1 {[%clk 00:21:09]}
{[%emt 00:00:47]} Kc6 {[%clk 00:22:50]} {[%emt 00:00:38]} 31. Ke3 {[%clk
00:20:49]} {[%emt 00:00:50]} Re8 {[%clk 00:22:30]} {[%emt 00:00:50]} 32. Kf2
{[%clk 00:20:57]} {[%emt 00:00:21]} a5 {[%clk 00:22:03]} {[%emt 00:00:58]} 33.
a4 {[%clk 00:19:05]} {[%emt 00:02:23]} Rb8 {[%clk 00:21:33]} {[%emt 00:00:59]}
34. Nc1 {[%clk 00:19:20]} {[%emt 00:00:15]} h5 {[%clk 00:16:28]} {[%emt
00:05:34]} 35. h4 {[%clk 00:16:19]} {[%emt 00:03:31]} Rbd8 {[%clk 00:13:58]}
{[%emt 00:03:01]} 36. Nd3 {[%clk 00:14:57]} {[%emt 00:01:51]} d4 {[%clk
00:13:11]} {[%emt 00:01:17]} 37. c4 {[%clk 00:14:52]} {[%emt 00:00:35]} Rb8
{[%clk 00:12:37]} {[%emt 00:01:05]} 38. Rb2 {[%clk 00:13:54]} {[%emt 00:01:28]}
f6 {[%clk 00:09:42]} {[%emt 00:03:24]} 39. Ke2 {[%clk 00:13:29]} {[%emt
00:00:56]} Bf5 {[%clk 00:09:12]} {[%emt 00:01:00]} 40. Kd2 {[%clk 00:12:16]}
{[%emt 00:01:43]} Bxd3 {[%clk 00:09:23]} {[%emt 00:00:19]} 41. Kxd3 {[%clk
00:12:22]} {[%emt 00:00:23]} Re6 {[%clk 00:07:16]} {[%emt 00:02:37]} 42. Rdd2
{[%clk 00:12:01]} {[%emt 00:00:50]} Re3+ {[%clk 00:07:01]} {[%emt 00:00:46]}
43. Kc2 {[%clk 00:12:14]} {[%emt 00:00:17]} Rc3+ {[%clk 00:07:24]} {[%emt
00:00:08]} 44. Kd1 {[%clk 00:11:58]} {[%emt 00:00:44]} Rbxb3 {[%clk 00:07:30]}
{[%emt 00:00:26]} 45. Rxb3 {[%clk 00:11:50]} {[%emt 00:00:38]} Rxb3 {[%clk
00:07:55]} {[%emt 00:00:04]} 46. Re2 {[%clk 00:12:13]} {[%emt 00:00:08]} Kd7
{[%clk 00:08:03]} {[%emt 00:00:22]} 0-1

[Event "DEM U12 2025"]
[Site "Willingen GER"]
[Date "2025.06.08"]
[Round "2"]
[White "Wingerath, Felix"]
[Black "Obermair, Hannes"]
[Result "1/2-1/2"]
[Termination "normal"]
[Board "25"]
[WhiteElo "1767"]
[BlackElo "1663"]
[WhiteClock "00:57:13"]
[BlackClock "00:39:29"]
[PlyCount "47"]
[WhiteFideId "34614834"]
[BlackFideId "34640509"]
[EventCountry "GER"]
[EventRounds "9"]
[EventType "swiss"]
[EventDate "2025.06.07"]

1. e4 {[%clk 01:30:56]} {[%emt 00:00:04]} c5 {[%clk 01:30:57]} {[%emt
00:00:03]} 2. Nf3 {[%clk 01:31:22]} {[%emt 00:00:04]} Nc6 {[%clk 01:31:24]}
{[%emt 00:00:04]} 3. c3 {[%clk 01:31:48]} {[%emt 00:00:04]} Nf6 {[%clk
01:31:49]} {[%emt 00:00:04]} 4. e5 {[%clk 01:32:10]} {[%emt 00:00:08]} Nd5
{[%emt 00:00:09]} 5. d4 {[%clk 01:32:34]} cxd4 {[%clk 01:32:20]} {[%emt
00:00:26]} 6. cxd4 {[%clk 01:32:56]} {[%emt 00:00:09]} d6 {[%clk 01:32:22]}
{[%emt 00:00:27]} 7. Bc4 {[%clk 01:33:00]} {[%emt 00:00:26]} Nb6 {[%clk
01:32:15]} {[%emt 00:00:37]} 8. Bb5 {[%clk 01:33:22]} {[%emt 00:00:08]} Bd7
{[%clk 01:29:24]} {[%emt 00:03:21]} 9. Qe2 {[%clk 01:27:46]} {[%emt 00:06:05]}
dxe5 {[%clk 01:25:07]} {[%emt 00:04:47]} 10. dxe5 {[%clk 01:26:22]} {[%emt
00:01:54]} a6 {[%clk 01:21:44]} {[%emt 00:03:52]} 11. Bd3 {[%clk 01:21:32]}
{[%emt 00:05:21]} g6 {[%clk 01:18:01]} {[%emt 00:04:12]} 12. O-O {[%clk
01:21:13]} {[%emt 00:00:50]} Bg7 {[%clk 01:17:45]} {[%emt 00:00:46]} 13. Bf4
{[%clk 01:18:20]} {[%emt 00:03:24]} Bg4 {[%clk 01:12:17]} {[%emt 00:05:55]} 14.
Be4 {[%clk 01:16:03]} {[%emt 00:02:49]} e6 {[%clk 01:04:02]} {[%emt 00:08:43]}
15. Rd1 {[%clk 01:14:44]} {[%emt 00:01:52]} Qc7 {[%clk 01:01:30]} {[%emt
00:02:59]} 16. Rc1 {[%clk 01:11:43]} {[%emt 00:03:34]} O-O {[%clk 00:55:18]}
{[%emt 00:06:41]} 17. h3 {[%clk 01:11:04]} {[%emt 00:01:08]} Bxf3 {[%clk
00:50:39]} {[%emt 00:05:09]} 18. Bxf3 {[%clk 01:09:50]} {[%emt 00:01:45]} Nd7
{[%clk 00:47:19]} {[%emt 00:03:49]} 19. Bxc6 {[%clk 01:06:19]} {[%emt
00:04:01]} bxc6 {[%clk 00:46:22]} {[%emt 00:01:27]} 20. Re1 {[%clk 01:05:07]}
{[%emt 00:01:42]} Qa5 {[%clk 00:44:50]} {[%emt 00:01:55]} 21. Nd2 {[%clk
01:01:37]} {[%emt 00:04:08]} Nb6 {[%clk 00:42:10]} {[%emt 00:03:09]} 22. Nc4
{[%clk 00:57:18]} {[%emt 00:04:49]} Nxc4 {[%clk 00:41:11]} {[%emt 00:01:29]}
23. Qxc4 {[%clk 00:57:15]} {[%emt 00:00:34]} Rab8 {[%clk 00:39:29]} {[%emt
00:02:10]} 24. b3 {[%clk 00:57:13]} {[%emt 00:00:34]} 1/2-1/2

[Event "DEM U12 2025"]
[Site "Willingen GER"]
[Date "2025.06.08"]
[Round "2"]
[White "Martin Fernandez, Félix"]
[Black "Al Luwaisi, Omer"]
[Result "0-1"]
[Termination "normal"]
[Board "26"]
[WhiteElo "1723"]
[BlackElo "1683"]
[WhiteClock "00:22:01"]
[BlackClock "00:10:57"]
[PlyCount "72"]
[WhiteFideId "34605622"]
[BlackFideId "34645888"]
[EventCountry "GER"]
[EventRounds "9"]
[EventType "swiss"]
[EventDate "2025.06.07"]

1. e4 {[%clk 01:30:59]} {[%emt 00:00:02]} c6 {[%clk 01:30:57]} {[%emt
00:00:02]} 2. d4 {[%clk 01:31:24]} {[%emt 00:00:05]} d5 {[%clk 01:31:24]}
{[%emt 00:00:03]} 3. e5 {[%clk 01:31:51]} {[%emt 00:00:03]} Bf5 {[%clk
01:31:50]} {[%emt 00:00:04]} 4. h4 {[%clk 01:32:16]} {[%emt 00:00:05]} h5
{[%clk 01:31:23]} {[%emt 00:00:57]} 5. Bd3 {[%clk 01:32:40]} {[%emt 00:00:06]}
Bxd3 {[%clk 01:31:49]} {[%emt 00:00:04]} 6. Qxd3 {[%clk 01:33:07]} {[%emt
00:00:04]} e6 {[%clk 01:32:13]} {[%emt 00:00:06]} 7. Bg5 {[%clk 01:33:11]}
{[%emt 00:00:25]} Qb6 {[%clk 01:32:29]} {[%emt 00:00:15]} 8. Nd2 {[%clk
01:33:25]} {[%emt 00:00:16]} c5 {[%clk 01:32:47]} {[%emt 00:00:12]} 9. c4
{[%clk 01:32:32]} {[%emt 00:01:23]} Qxb2 {[%clk 01:20:55]} {[%emt 00:12:22]}
10. Rd1 {[%clk 01:32:28]} {[%emt 00:00:33]} Nc6 {[%clk 01:08:56]} {[%emt
00:12:30]} 11. cxd5 {[%clk 01:22:48]} {[%emt 00:10:10]} Qxd4 {[%clk 01:08:01]}
{[%emt 00:01:24]} 12. Qb5 {[%clk 01:19:57]} {[%emt 00:03:21]} Qb4 {[%clk
00:59:34]} {[%emt 00:08:58]} 13. Qxb4 {[%clk 01:17:32]} {[%emt 00:02:55]} Nxb4
{[%clk 01:00:00]} {[%emt 00:00:04]} 14. d6 {[%clk 01:17:57]} {[%emt 00:00:04]}
Nd3+ {[%clk 01:00:08]} {[%emt 00:00:22]} 15. Ke2 {[%clk 01:18:23]} {[%emt
00:00:04]} Nxe5 {[%clk 01:00:32]} {[%emt 00:00:06]} 16. Nc4 {[%clk 01:18:41]}
{[%emt 00:00:12]} Nd7 {[%clk 01:00:33]} {[%emt 00:00:28]} 17. Nf3 {[%clk
01:18:17]} {[%emt 00:00:55]} f6 {[%clk 01:00:06]} {[%emt 00:00:56]} 18. Rhe1
{[%clk 01:08:12]} {[%emt 00:10:35]} O-O-O {[%clk 00:58:30]} {[%emt 00:02:07]}
19. Be3 {[%clk 01:04:26]} {[%emt 00:04:16]} Nh6 {[%clk 00:58:18]} {[%emt
00:00:41]} 20. Nfd2 {[%clk 01:00:53]} {[%emt 00:04:05]} Nf5 {[%clk 00:51:53]}
{[%emt 00:06:56]} 21. Ne4 {[%clk 00:54:50]} {[%emt 00:06:32]} Nxe3 {[%clk
00:46:42]} {[%emt 00:05:42]} 22. Kxe3 {[%clk 00:55:06]} {[%emt 00:00:13]} g6
{[%clk 00:43:03]} {[%emt 00:04:10]} 23. Rb1 {[%clk 00:51:00]} {[%emt 00:04:35]}
Bh6+ {[%clk 00:43:22]} {[%emt 00:00:11]} 24. Ke2 {[%clk 00:50:29]} {[%emt
00:01:01]} f5 {[%clk 00:42:04]} {[%emt 00:01:48]} 25. Nc3 {[%clk 00:48:38]}
{[%emt 00:02:22]} Bg7 {[%clk 00:29:48]} {[%emt 00:12:46]} 26. Nb5 {[%clk
00:47:08]} {[%emt 00:01:59]} Kb8 {[%clk 00:29:23]} {[%emt 00:00:55]} 27. Nc7
{[%clk 00:38:20]} {[%emt 00:09:17]} Ne5 {[%clk 00:16:43]} {[%emt 00:13:11]} 28.
Nxe5 {[%clk 00:34:06]} {[%emt 00:04:44]} Bxe5 {[%clk 00:17:04]} {[%emt
00:00:09]} 29. Na6+ {[%clk 00:34:32]} {[%emt 00:00:04]} Ka8 {[%clk 00:16:13]}
{[%emt 00:01:22]} 30. Nxc5 {[%clk 00:34:19]} {[%emt 00:00:42]} Rxd6 {[%clk
00:15:57]} {[%emt 00:00:46]} 31. Nxb7 {[%clk 00:26:43]} {[%emt 00:08:06]} Rb6
{[%clk 00:14:27]} {[%emt 00:02:00]} 32. Nc5 {[%clk 00:26:39]} {[%emt 00:00:35]}
Rc6 {[%clk 00:12:47]} {[%emt 00:02:10]} 33. Nd3 {[%clk 00:24:02]} {[%emt
00:03:06]} Bf6 {[%clk 00:11:52]} {[%emt 00:01:25]} 34. Nf4 {[%clk 00:23:24]}
{[%emt 00:01:08]} e5 {[%clk 00:10:52]} {[%emt 00:01:30]} 35. Nd3 {[%clk
00:21:36]} {[%emt 00:02:17]} Rc2+ {[%clk 00:10:40]} {[%emt 00:00:43]} 36. Kf3
{[%clk 00:22:01]} {[%emt 00:00:04]} e4+ {[%clk 00:10:57]} {[%emt 00:00:14]} 0-1